• 首页
  • 本馆介绍
  • 公告通知
  • 最新文献
  • 馆藏检索
  • 电子资源
  • 读者导购
  • 参考咨询
  • 我的图书馆
  • 登录
  • 详细信息显示
  • 放入我的书架
  • 预约/预借图书
  • 作者相关作品
  • 分类相关作品
  • 丛书相关作品
  • 出版社相关作品

书目信息

  • 表格格式
  • 工作单格式
  • 卡片格式
题名:
锕系、锕系后元素
    
 
作者: 张青莲 , 唐任寰
分册:  
出版信息: 北京   科学出版社  1998
页数: 419
开本: 20cm
丛书名: 无机化学丛书
单 册:
中图分类: O612
科图分类:
主题词: 无机化学
电子资源:
ISBN: 7-03-001806-0
000 00629nam0 2200217 450
001 0754114953
005 20070929150154.95
010    @a7-03-001806-0
100    @a20070929d km y0chiy0120 ea
101 0  @achi
200 1  @a锕系、锕系后元素@Aa xi、a xi hou yuan su@f唐任寰,张青莲等@Ftang ren huan,zhang qing lian deng
210    @a北京@c科学出版社@d1998
215    @a419@c插图@d20cm
225 2  @a无机化学丛书
410  0 @12001 @a无机化学丛书
606 0  @a无机化学
690    @aO612@v3
701  0 @a张青莲@Azhang qing lian
701  0 @a唐任寰@Atang ren huan
801  0 @aCN@bPFT@c20070929
905    @a213230@dO612@eh22:10@f1
    
    锕系、锕系后元素/唐任寰,张青莲等.-北京:科学出版社,1998
    419:插图;20cm.-(无机化学丛书)
    
    
    ISBN 7-03-001806-0:
    
●
相关链接 在E读中查询图书 在五车中查询图书 在当当中查询图书 在豆瓣中查询图书


正题名:锕系、锕系后元素     索取号:O612/h22:10         预约/预借

序号 登录号 条形码 馆藏地/架位号 状态 备注
1 6000123   260001232   密集书库-化学系/ [索取号:O612/h22:10] 在馆    
唐山师范学院图书馆 欢迎您!
大连网信软件有限公司© 版权所有